000 00350nam a2200169Ia 4500
100 _aCox/Christopher
650 _aUMTS
942 _cRB
366 _f25
654 _aUMTS
245 _aEssential of UMTS
260 _bCambride University press
_c2008
082 _a384
_bCOX
300 _a240
546 _aENGLISH
_celectronics
999 _c21974
_d21974